000 00616nam a2200133Ia 4500
008 100328s9999 xx 000 0 und d
082 _b65833
100 _aगाडे सोपान.
245 _aमहाराष्ट्राचे मुख्यमंत्री-बॅ.ए.र.अंतुले.
260 _bअविष्कार.
630 _aमहाराष्ट्राचे मुख्यमंत्री-बॅ.ए.र.अंतुले.
730 _aमहाराष्ट्राचे मुख्यमंत्री-बॅ.ए.र.अंतुले.
942 _cBOOK
999 _c551578
_d551575